000 00860cab a2200241 4500
001 WB3324-27
008 090401t1997 xxu||||| |||| 00| 0 eng d
035 _a(Sirsi) u79099
041 _aeng
245 _aFlats in the attic
260 _c1997
350 _a0
490 _aEstates Gazette
_v(9725) 21 June 1997, 137(1)
520 _aLooks at "Devonshire Reid Properties Ltd v Treneman" which considered whether the landlord of a building containing four flats was entitled through existing planning permission to create a fifth flat in the attic.
650 _aCONVERSION
650 _aCOVENANT TO REPAIR
650 _aDEVONSHIRE REID PROPERTIES LTD V TRENEMAN
650 _aFLATS
650 _aROOF SPACE
690 _aPROPERTY-RESIDENTIAL PROPERTY-RESIDENTIAL LANDLORD AND TENANT-RESIDENTIAL TENANCIES
942 _n0
948 _c20/06/1997
999 _c49713
_d49713